00516nam a22001817a 450000500170000001000150001702000260003203500130005803700130007108200150008410000160009924500560011525000110017126000340018227000720021630000270028850000190031520141212112009.0 aENG-111395 a9788120350656c450.00 aEN-94927 bDBAD/PUB a621.381045 aGupta, S.C. aOptoelectronic devices and systems /cby S.C. Gupta a2nd ed aNew DelhibPHI Learningc2015 aRimjhim House, 111, Patparganj Industrial EstatebNew Delhie110092 axvi, 664p. c25cm(pbk) aIncludes index